Statistics for Antonyms A-Z

Click here to take the quiz!

General Stats

  • This quiz has been taken 115 times
  • The average score is 18 of 25

Answer Stats

LetterWordAntonym% Correct
NSouthNorth
100%
BForwardBackward / Behind
97%
HThereHere / Hither
97%
JSeniorJunior
97%
QAnswerQuestion / Query / Quiz
97%
YNoYes / Yeah
97%
PUglyPretty / Pleasant / Pleasing / Pulchritudinous
96%
UThemUs
90%
WNarrowWide
90%
EOddEven / Equal
83%
RCourteousRude / Raw / Rough / Rudimental / Rudimentary
78%
SReapSow / Scatter / Strew
76%
KIgnoranceKnowledge
74%
VAppearVanish
71%
TOpaqueTransparent / Translucent
69%
AScarceAbundant / Ample / Abounding / Awash
63%
LIndustriousLazy / Lackadaisical / Lethargic / Laggard / Lagging / Languid / Languorous / Lifeless / Loafing
63%
ZNadirZenith
63%
DHopeDespair / Desperation / Despondency / Discouragement / Dejection / Disheartenment
62%
GCheerfulGloomy / Glum
57%
ITrivialImportant / Imperative / Influential / Importunate
50%
MSpendthriftMiser
47%
CFreeCaptive / Caged
46%
FBrightenFade / Fail / Fall / Flag / Fold
39%
ORefuseOffer / Overture
17%

Score Distribution

Percentile by Number Answered

Percent of People with Each Score

Your Score History

You have not taken this quiz